| 000 | 00766cam a22002777a 4500 | ||
|---|---|---|---|
| 003 | CHAP | ||
| 005 | 20220329135704.0 | ||
| 008 | 971013s1992 r 00010 d | ||
| 010 | _a40613 | ||
| 011 | _a41585 | ||
| 035 | _a45711 | ||
| 040 | _cCHAP | ||
| 082 |
_a638.12 _bG7 1992 |
||
| 100 | 0 | 0 |
_aGraham, Joe M. _eed. _950217 |
| 245 | 1 | 4 | _aThe hive and the honey bee |
| 250 | _aRev. ed. | ||
| 260 |
_aHamilton, Ill. : _bDadant & Sons, _c1992 |
||
| 300 | _a1324 p. | ||
| 590 |
_aBATCH-UPD _b10 _c20130110 _lUCH01 _h1541 |
||
| 590 |
_aCONVERSION _b10 _c20130109 _lUCH01 _h1322 |
||
| 650 | 1 | 4 |
_aAbejas. _9182 |
| 650 | 1 | 4 |
_aApicultura. _96241 |
| 901 | _aBK | ||
| 942 | _cLIBRO | ||
| 949 |
_a638.12 G7 1992 _bBC _cC _d33724000617759 _eC _gI.175615 _h88627 _i45711 _si _t189.22 |
||
| 999 |
_c40613 _d40613 |
||